Historia de los agustinos en Chile.
Kaydedildi:
| Yazar: | |
|---|---|
| Materyal Türü: | Kitap |
| Dil: | İspanyolca |
| Baskı/Yayın Bilgisi: |
Santiago, Chile
Valparaíso
1904
|
| Konular: | |
| Etiketler: |
Etiketle
Etiket eklenmemiş, İlk siz ekleyin!
|
MARC
| LEADER | 00000nam a2200000 a 4500 | ||
|---|---|---|---|
| 001 | UCP5480 | ||
| 003 | CL-VaPUC | ||
| 005 | 20250327093502.0 | ||
| 008 | 990910e19040704CL |||||||||||||||||spa|d | ||
| 999 | |c 283225 |d 283223 | ||
| 040 | |c Pontificia Universidad Católica de Valparaíso | ||
| 082 | 0 | 4 | |a 271.4 MAT 1904 |2 21 |
| 100 | |a Maturana Cortínez, Víctor |e autor |9 433920 | ||
| 245 | 1 | 0 | |a Historia de los agustinos en Chile. |
| 260 | 0 | 3 | |a Santiago, Chile |b Valparaíso |c 1904 |
| 300 | |a 2 volúmenes. | ||
| 505 | |a v.1: 1593-1674. v.2: 1674-1882. | ||
| 583 | |a last modification |c 19990910 00:00:00 |k Rodrigo Vera | ||
| 600 | 0 | 7 | |a VILLARROEL, GASPAR DE |2 CL-VaPUC |9 316412 |
| 650 | 0 | |a Agustinos |9 323857 | |
| 650 | 0 | |a Órdenes religiosas |9 257499 | |
| 650 | 7 | |a HISTORIA DE LA IGLESIA |2 CL-VaPUC |9 433921 | |
| 650 | 0 | |a Colonización española |9 256592 | |
| 650 | 7 | |a PIRATAS |2 CL-VaPUC |9 317855 | |
| 650 | 0 | |a Guerra de Arauco |9 267618 | |
| 650 | 0 | |a Fuentes Históricas |9 265141 | |
| 942 | |c BK |2 ddc | ||
| 945 | |d 19990910 00:00:00 |a crobeson | ||
| 952 | |0 0 |1 0 |2 ddc |4 0 |6 271_400000000000000_MAT_1904 |7 0 |8 P |9 326127 |a BIBTEO |b BIBTES |c TEO_FTES |d 2019-11-20 |h v.2 |i 3911071 |o 271.4 MAT 1904 |p 3911071 |r 2024-01-18 |t 1 |w 2019-11-20 |y BK |k ICR | ||
| 952 | |0 0 |1 0 |2 ddc |4 0 |6 271_400000000000000_MAT_1904 |7 0 |8 X |9 326128 |a FDOBUD |b FDOBUD |d 2019-11-20 |h v.1 |i 1040774 |o 271.4 MAT 1904 |p 1040774 |r 2019-11-20 |t 1 |w 2019-11-20 |y BK_X |k BUD | ||
| 952 | |0 0 |1 0 |2 ddc |4 0 |6 271_400000000000000_MAT_1904 |7 0 |8 X |9 326129 |a FDOBUD |b FDOBUD |d 2019-11-20 |h v.1 |i 1040790 |o 271.4 MAT 1904 |p 1040790 |r 2019-11-20 |t 2 |w 2019-11-20 |y BK_X |k BUD | ||
| 952 | |0 0 |1 0 |2 ddc |4 0 |6 271_400000000000000_MAT_1904 |7 0 |8 X |9 326130 |a FDOBUD |b FDOBUD |d 2019-11-20 |h v.2 |i 1040782 |o 271.4 MAT 1904 |p 1040782 |r 2019-11-20 |t 2 |w 2019-11-20 |y BK_X |k BUD | ||
| 952 | |0 0 |1 0 |2 ddc |4 0 |6 271_400000000000000_MAT_1904 |7 0 |8 X |9 326131 |a FDOBUD |b FDOBUD |d 2019-11-20 |h v.2 |i 1041622 |o 271.4 MAT 1904 |p 1041622 |r 2019-11-20 |t 3 |w 2019-11-20 |y BK_X |k BUD | ||